000 00463nam a2200181Ia 4500
001 13366
005 20260306164756.0
008 260306t2014||||xx |||||||||||||| ||spa||
041 _aESP
082 _a001.4234
_bR24
100 _aRamos Núñez, Carlos
_eAUT
245 0 _aCómo hacer una tesis de derecho y no envejecer en el intento
260 _c2014
300 _a476 páginas :
_c24 cm.
650 _aGEN
654 _aCHU
942 _cLIB
_dJUS
_fJUS
_2ddc
_n
999 _c13366
_d13366